UK Residential development land market (Record no. 109779)

MARC details
000 -LEADER
fixed length control field 01218cad a22002415a 4500
001 - CONTROL NUMBER
control field L147908
008 - FIXED-LENGTH DATA ELEMENTS--GENERAL INFORMATION
fixed length control field 090701s2009 xxkbdo f s 000 0 eng d
035 ## - SYSTEM CONTROL NUMBER
System control number (Sirsi) u147908
041 0# - LANGUAGE CODE
Language code of text/sound track or separate title eng
050 04 - LIBRARY OF CONGRESS CALL NUMBER
Classification number 333.33 $2 18
110 2# - MAIN ENTRY--CORPORATE NAME
Corporate name or jurisdiction name as entry element Savills Research
9 (RLIN) 5211
245 00 - TITLE STATEMENT
Title UK Residential development land market
Remainder of title taking stock, June 2009
Medium [electronic resource]
260 ## - PUBLICATION, DISTRIBUTION, ETC.
Place of publication, distribution, etc. London
Name of publisher, distributor, etc. Savills Research
Date of publication, distribution, etc. 2009
490 #0 - SERIES STATEMENT
Series statement Savills UK Residential Development Land Market
Volume/sequential designation June 2009
520 ## - SUMMARY, ETC.
Summary, etc. Takes stock of the UK residential development land market and forecasts market trends. Reports look at greenfield development land and urban lands values. Predicts that generally housebuilders will concentrate on building low risk sites with quick cash flows. Expects an improvement to land market values in 2010, particularly for serviced plots in the best locations.
521 ## - TARGET AUDIENCE NOTE
Target audience note Advanced
590 ## - LOCAL NOTE (RLIN)
Local note KA NTK
650 24 - SUBJECT ADDED ENTRY--TOPICAL TERM
Topical term or geographic name entry element SAVILLS UK RESIDENTIAL DEVELOPMENT LAND MARKET
651 #4 - SUBJECT ADDED ENTRY--GEOGRAPHIC NAME
Geographic name United Kingdom
Chronological subdivision
690 ## - LOCAL SUBJECT ADDED ENTRY--TOPICAL TERM (OCLC, RLIN)
Topical term or geographic name as entry element Residential property
9 (RLIN) 6266
856 40 - ELECTRONIC LOCATION AND ACCESS
Uniform Resource Identifier <a href="https://www.savills.co.uk/research/Report.aspx?nodeID=10602#">https://www.savills.co.uk/research/Report.aspx?nodeID=10602#</a>
Public note View the report free of charge (after registration) at www.savills.co.uk...
942 ## - ADDED ENTRY ELEMENTS (KOHA)
Suppress in OPAC 0
Holdings
Withdrawn status Lost status Source of classification or shelving scheme Damaged status Not for loan Home library Current library Shelving location Date acquired Total Checkouts Full call number Barcode Date last seen Copy number Price effective from Koha item type
    Dewey Decimal Classification     Virtual Virtual Online 01/07/2009   ONLINE PUBLICATION 147908-2001 06/08/2019 1 06/08/2019 Book